[Event "CAN-ch U10 Online"]
[Site "chess.com"]
[Date "2020.11.08"]
[Round "6.12"]
[White "Chen, Zhengyu"]
[Black "Fu, Odyssey"]
[Result "1-0"]
[WhiteElo "1161"]
[BlackElo "801"]
[PlyCount "121"]
[EventDate "2020.11.08"]
[EventType "swiss (rapid)"]
[EventRounds "6"]
[EventCountry "CAN"]

1. c4 e5 2. Nc3 Nc6 3. g3 f5 4. Bg2 Nf6 5. e3 Bc5 6. Nge2 d6 7. d4 Bb6 8. O-O
O-O 9. a3 a5 10. Qd3 e4 11. Qd2 d5 12. c5 Ba7 13. Na2 Be6 14. Nf4 Bf7 15. b4
axb4 16. axb4 b6 17. b5 Na5 18. c6 Nc4 19. Qc3 Qd6 20. Nb4 g5 21. Ne2 h5 22.
Ba3 h4 23. Na6 Nxa3 24. Qxa3 Bb8 25. Qxd6 cxd6 26. Nb4 Bc7 27. Ra6 hxg3 28.
fxg3 Be6 29. Rfa1 Rxa6 30. Rxa6 Ng4 31. Nc2 Kg7 32. h3 Nf6 33. Nb4 Kg6 34. Ra7
Rc8 35. Na6 Ne8 36. Nxc7 Rxc7 37. Ra6 Ng7 38. Nc3 g4 39. h4 Nh5 40. Kf2 Bc8 41.
Ra3 Nf6 42. Ne2 Nh5 43. Nc3 Nf6 44. Bf1 Kf7 45. Be2 Ke6 46. Bd1 Ne8 47. Bb3 Nf6
48. Ra2 Rg7 49. Na4 Ra7 50. Nxb6 Rxa2+ 51. Bxa2 Ke7 52. Nxc8+ Kd8 53. Nxd6 Kc7
54. Nxf5 Kb6 55. Ne7 Kxb5 56. c7 Kb6 57. c8=Q Nd7 58. Qc6+ Ka7 59. Nc8+ Kb8 60.
Qxd7 Ka8 61. Qa7# 1-0

[Event "CAN-ch U10 Online"]
[Site "chess.com"]
[Date "2020.11.08"]
[Round "6.13"]
[White "Liu, Zachary"]
[Black "Jiang, William"]
[Result "1-0"]
[WhiteElo "1017"]
[BlackElo "1122"]
[PlyCount "165"]
[EventDate "2020.11.08"]
[EventType "swiss (rapid)"]
[EventRounds "6"]
[EventCountry "CAN"]

1. e4 c5 2. Nf3 Nc6 3. d4 cxd4 4. Nxd4 Nf6 5. Nc3 e5 6. Ndb5 d6 7. Bg5 a6 8.
Na3 b5 9. Nd5 Be7 10. Bxf6 Bxf6 11. c3 O-O 12. Nc2 Bg5 13. Be2 Bb7 14. Nce3 Ne7
15. Nxe7+ Qxe7 16. Nd5 Qd8 17. O-O f5 18. c4 Bxd5 19. Qxd5+ Kh8 20. cxb5 axb5
21. exf5 Rxf5 22. Bd3 Rf8 23. Qe4 g6 24. Bxb5 Rf4 25. Qe2 Rc8 26. Rad1 Be7 27.
Rd5 Qc7 28. b3 Kg8 29. Bc4 Kg7 30. h3 Qb6 31. Rb5 Qc6 32. a4 Bd8 33. Bd5 Qc3
34. Rb7+ Kh8 35. Qa6 Qc5 36. Bc4 d5 37. Bb5 Rb4 38. Qe6 Qf8 39. Qxc8 Rxb3 40.
Rb8 Kg7 41. Qxd8 Qxd8 42. Rxd8 d4 43. Re1 Kf6 44. Rd6+ Ke7 45. Rd5 e4 46. Rxe4+
Kf6 47. Rexd4 Rb1+ 48. Rd1 Rb2 49. a5 Ra2 50. a6 Ra5 51. Rd7 Rxb5 52. a7 Ra5
53. Rb7 Kg5 54. Rb5+ Rxb5 55. a8=Q Rf5 56. Qd8+ Kh6 57. Qh4+ Rh5 58. Qxh5+ gxh5
59. Rd6+ Kg5 60. Kh2 h4 61. g3 h5 62. gxh4+ Kxh4 63. Rd4+ Kg5 64. Kg3 h4+ 65.
Rxh4 Kf5 66. Rh5+ Kg6 67. Kg4 Kf6 68. Rg5 Ke6 69. Kf4 Kd6 70. Re5 Kc6 71. Ke4
Kd6 72. Kd4 Kc6 73. Rd5 Kb6 74. Rc5 Ka6 75. Kc4 Kb6 76. h4 Ka6 77. Rb5 Ka7 78.
h5 Ka6 79. h6 Ka7 80. h7 Ka6 81. h8=Q Ka7 82. Qg7+ Ka8 83. Qb7# 1-0

[Event "CAN-ch U10 Online"]
[Site "chess.com"]
[Date "2020.11.08"]
[Round "6.14"]
[White "Low, Ethan Jun"]
[Black "Jackson, Mateo"]
[Result "1-0"]
[WhiteElo "932"]
[BlackElo "1229"]
[PlyCount "137"]
[EventDate "2020.11.08"]
[EventType "swiss (rapid)"]
[EventRounds "6"]
[EventCountry "CAN"]

1. b3 e5 2. Bb2 Nc6 3. e3 d5 4. Bb5 Bd6 5. f4 f6 6. fxe5 fxe5 7. Nf3 Bg4 8. h3
Bxf3 9. Qxf3 e4 10. Qf2 Nf6 11. O-O O-O 12. Nc3 Ng4 13. Qe2 Nge5 14. Nxd5 Qg5
15. Kh1 Qg3 16. Nf4 Nd7 17. Bc4+ Kh8 18. Qf2 Qg5 19. Ne6 Rxf2 20. Nxg5 Rxf1+
21. Rxf1 h6 22. Ne6 Nce5 23. Bxe5 Nxe5 24. Be2 Re8 25. Nf4 Kh7 26. Bh5 Rf8 27.
Be2 c6 28. Ne6 Re8 29. Nd4 g6 30. a4 a6 31. c3 Kg7 32. Nc2 Rd8 33. Nd4 Re8 34.
Nc2 Rd8 35. b4 Bc7 36. Nd4 Re8 37. Nb3 h5 38. Nc5 a5 39. bxa5 Bxa5 40. Nxb7 Bb6
41. Nd6 Rd8 42. Nxe4 Ra8 43. d4 Nf7 44. Bd1 Re8 45. Rxf7+ Kxf7 46. Nd6+ Ke7 47.
Nxe8 Kxe8 48. Bc2 Ke7 49. Bxg6 h4 50. Kg1 Kf6 51. Be4 c5 52. dxc5 Bxc5 53. Kf2
Ke5 54. Bc2 Bd6 55. a5 Kd5 56. Kf3 Kc5 57. Kg4 Bg3 58. a6 Kb6 59. Bd3 Ka7 60.
Kf5 Be1 61. e4 Bxc3 62. e5 Bb4 63. e6 Be7 64. Kg6 Kb6 65. Kf7 Bc5 66. e7 Bd4
67. e8=Q Bc5 68. Qb8+ Ka5 69. Qb5# 1-0

[Event "CAN-ch U10 Online"]
[Site "chess.com"]
[Date "2020.11.08"]
[Round "6.15"]
[White "Duval, Mathieu"]
[Black "Jaiman, Panshul Mishra"]
[Result "1-0"]
[WhiteElo "994"]
[BlackElo "894"]
[PlyCount "61"]
[EventDate "2020.11.08"]
[EventType "swiss (rapid)"]
[EventRounds "6"]
[EventCountry "CAN"]

1. d4 e6 2. c4 d5 3. cxd5 exd5 4. Nc3 Bb4 5. Nf3 Nf6 6. e3 O-O 7. Qc2 g6 8. Bd3
Bg4 9. Ne5 Bxc3+ 10. bxc3 Bh5 11. O-O Ng4 12. Nxg4 Bxg4 13. e4 dxe4 14. Bxe4 f5
15. Bxb7 Nd7 16. Bxa8 Qxa8 17. Bh6 Rf7 18. f3 Bh5 19. Rae1 Nf6 20. Re6 Qd5 21.
Qe2 Qd7 22. Re1 Rf8 23. Bxf8 Kxf8 24. Rxf6+ Kg7 25. Re6 Kh6 26. Qe3+ Kg7 27.
Re7+ Qxe7 28. Qxe7+ Kh6 29. f4 g5 30. fxg5+ Kg6 31. Qf6# 1-0

[Event "CAN-ch U10 Online"]
[Site "chess.com"]
[Date "2020.11.08"]
[Round "6.18"]
[White "Wang, Haoze (Dennis)"]
[Black "Ajirh, Aarush"]
[Result "0-1"]
[WhiteElo "746"]
[BlackElo "1562"]
[PlyCount "62"]
[EventDate "2020.11.08"]
[EventType "swiss (rapid)"]
[EventRounds "6"]
[EventCountry "CAN"]

1. e4 c5 2. Nf3 d6 3. d4 cxd4 4. Nxd4 Nf6 5. Nc3 a6 6. Bd3 e5 7. Nf3 h6 8. O-O
Be6 9. Re1 Be7 10. Be3 Nbd7 11. Qd2 O-O 12. h3 Rc8 13. Rad1 Nc5 14. Bxc5 Rxc5
15. Nh4 Rc8 16. Nf5 Bxf5 17. exf5 Nh5 18. Nd5 Bg5 19. Qa5 Qxa5 20. Be4 Nf6 21.
Ne7+ Kh8 22. Nxc8 Rxc8 23. Bxb7 Rxc2 24. Rc1 Bxc1 25. Rd1 Bf4 26. g3 Qb6 27.
Rf1 Bxg3 28. Bg2 Rxf2 29. Rxf2 Qxf2+ 30. Kh1 Qe1+ 31. Bf1 Qxf1# 0-1

[Event "CAN-ch U10 Online"]
[Site "chess.com"]
[Date "2020.11.08"]
[Round "6.20"]
[White "Li, Anthony"]
[Black "Liu, Zi"]
[Result "0-1"]
[WhiteElo "798"]
[BlackElo "1225"]
[PlyCount "46"]
[EventDate "2020.11.08"]
[EventType "swiss (rapid)"]
[EventRounds "6"]
[EventCountry "CAN"]

1. e4 e5 2. Nf3 Nc6 3. Bc4 Nf6 4. Ng5 d5 5. exd5 Nxd5 6. Qf3 Qxg5 7. Bxd5 Qf6
8. Qxf6 gxf6 9. O-O Rg8 10. d3 Nb4 11. Bb3 Bh3 12. Nd2 Bxg2 13. Re1 Bd5+ 14.
Kf1 Bxb3 15. cxb3 Nc2 16. Rb1 Nxe1 17. Kxe1 Bh6 18. Nf1 Bxc1 19. Rxc1 c6 20.
Rc4 Rd8 21. Rh4 Rxd3 22. Rxh7 Rf3 23. Rh4 Rg2 0-1

[Event "CAN-ch U10 Online"]
[Site "chess.com"]
[Date "2020.11.08"]
[Round "6.21"]
[White "Hou, Nathan"]
[Black "Su, Jayden"]
[Result "0-1"]
[WhiteElo "248"]
[BlackElo "929"]
[PlyCount "138"]
[EventDate "2020.11.08"]
[EventType "swiss (rapid)"]
[EventRounds "6"]
[EventCountry "CAN"]

1. e4 e6 2. Nf3 d5 3. e5 c5 4. d4 a6 5. Nc3 Nc6 6. Bf4 Qb6 7. Rb1 cxd4 8. Nxd4
Nxd4 9. Be3 Bc5 10. Na4 Qa7 11. Nxc5 Qxc5 12. Qxd4 Qxc2 13. Rc1 Qg6 14. Qa4+
Bd7 15. Qb4 Bc6 16. Bb6 Qe4+ 17. Qxe4 dxe4 18. Bc4 Ne7 19. O-O Ng6 20. Rcd1
Nxe5 21. Rd4 Nxc4 22. Rxc4 Bb5 23. Rxe4 Bxf1 24. Kxf1 Kd7 25. Rd4+ Kc6 26. Ba5
b6 27. Bc3 f6 28. Re4 e5 29. Rc4+ Kb7 30. Rg4 g6 31. Rg3 Rhd8 32. Ke2 Rac8 33.
Rd3 Rxd3 34. Kxd3 Kc6 35. b3 Kd5 36. f3 f5 37. h4 e4+ 38. fxe4+ fxe4+ 39. Kd2
Ke6 40. Bd4 b5 41. Ke3 Kf5 42. b4 Rc2 43. g3 Rxa2 44. g4+ Kxg4 45. Kxe4 Kxh4
46. Ke5 g5 47. Ke6 Kg3 48. Be5+ Kf3 49. Bf6 g4 50. Kf5 g3 51. Bd4 g2 52. Ke5
Re2+ 53. Kd6 Re1 54. Kc6 g1=Q 55. Bxg1 Rxg1 56. Kb6 h5 57. Kxa6 Rb1 58. Kxb5
Rxb4+ 59. Kxb4 h4 60. Kc3 h3 61. Kd2 h2 62. Ke1 h1=Q+ 63. Kd2 Qh4 64. Kd3 Qe4+
65. Kc3 Ke3 66. Kb2 Qc4 67. Ka1 Qb5 68. Ka2 Kd3 69. Ka1 Kc3 0-1

[Event "CAN-ch U10 Online"]
[Site "chess.com"]
[Date "2020.11.08"]
[Round "6.24"]
[White "Zong, Ivan"]
[Black "Huang, Ryan"]
[Result "1-0"]
[WhiteElo "715"]
[BlackElo "750"]
[PlyCount "49"]
[EventDate "2020.11.08"]
[EventType "swiss (rapid)"]
[EventRounds "6"]
[EventCountry "CAN"]

1. e4 e5 2. Nf3 Nc6 3. d4 Nf6 4. Nc3 Bb4 5. Bc4 O-O 6. O-O b6 7. Bg5 exd4 8.
Nd5 Be7 9. Nxd4 Nxd5 10. Bxe7 Ndxe7 11. Nxc6 dxc6 12. Qxd8 Rxd8 13. Rfd1 Be6
14. Ba6 c5 15. Bb7 Rab8 16. Ba6 Nc6 17. Bb5 Nd4 18. c3 Nxb5 19. a4 Rxd1+ 20.
Rxd1 Nd6 21. e5 Nc4 22. b3 Nb2 23. Rd2 b5 24. axb5 Rxb5 25. Rd8# 1-0

[Event "CAN-ch U10 w Online"]
[Site "chess.com"]
[Date "2020.11.08"]
[Round "1.32"]
[White "Wang, April"]
[Black "Jaiman, Agrima"]
[Result "1-0"]
[WhiteElo "1256"]
[BlackElo "790"]
[PlyCount "81"]
[EventDate "2020.11.08"]
[EventType "swiss (rapid)"]
[EventRounds "6"]
[EventCountry "CAN"]

1. d4 d5 2. Bf4 Nf6 3. e3 Bf5 4. c3 Nc6 5. Bd3 Qd7 6. Nf3 O-O-O 7. Qe2 g6 8.
Nbd2 Bg7 9. O-O-O Rhf8 10. Rde1 h5 11. Rhf1 Na5 12. e4 dxe4 13. Nxe4 Bxe4 14.
Bxe4 Nxe4 15. Qxe4 e6 16. Ne5 Qa4 17. Kb1 Bxe5 18. Bxe5 Nc4 19. Qd3 Qb5 20. Qe2
Na3+ 21. Kc1 Qxe2 22. Rxe2 Nb5 23. Rfe1 f5 24. Bg7 Rfe8 25. Rxe6 Rxe6 26. Rxe6
Nd6 27. Rxg6 Ne4 28. f3 Nd6 29. Bf6 Ne8 30. Bxd8 Kxd8 31. Rg5 Nf6 32. Rxf5 h4
33. Rxf6 a5 34. g3 b5 35. g4 h3 36. g5 Kd7 37. g6 c5 38. g7 cxd4 39. g8=Q b4
40. Qg7+ Kc8 41. Rf8# 1-0

[Event "CAN-ch U10 w Online"]
[Site "chess.com"]
[Date "2020.11.08"]
[Round "1.34"]
[White "Li, Yeeshuen"]
[Black "Shaeri, Dorsa"]
[Result "1-0"]
[WhiteElo "906"]
[BlackElo "678"]
[PlyCount "99"]
[EventDate "2020.11.08"]
[EventType "swiss (rapid)"]
[EventRounds "6"]
[EventCountry "CAN"]

1. e4 e5 2. Nf3 Nc6 3. Bc4 h6 4. Nc3 Nf6 5. d3 Bb4 6. Bd2 d6 7. h3 a6 8. a3 Bc5
9. Qe2 Nd4 10. Nxd4 Bxd4 11. O-O-O Be6 12. Rdg1 Bxc4 13. dxc4 Qd7 14. Qd3 Qc6
15. Re1 Bxf2 16. Re2 Bd4 17. Rf1 b5 18. cxb5 axb5 19. Nxb5 Rb8 20. Nc3 Qb6 21.
b4 c5 22. Qc4 cxb4 23. axb4 Ra8 24. Kd1 Ra1+ 25. Bc1 Be3 26. Na2 O-O 27. Qb3
Qd4+ 28. Qd3 Bxc1 29. Nxc1 Ra3 30. Qxd4 exd4 31. Rd2 Nxe4 32. Rxd4 Nc3+ 33. Kd2
Nb1+ 34. Ke1 Re3+ 35. Kf2 Rc3 36. Ne2 Na3 37. Nxc3 Nxc2 38. Rxd6 Nxb4 39. Rfd1
Kh7 40. Rd8 Rxd8 41. Rxd8 g5 42. Rd4 Nc6 43. Rd2 Ne5 44. Re2 Nd3+ 45. Kf3 Kg6
46. Kg4 f5+ 47. Kf3 Kh5 48. g4+ fxg4+ 49. hxg4+ Kh4 50. Rh2# 1-0

[Event "CAN-ch U10 w Online"]
[Site "chess.com"]
[Date "2020.11.08"]
[Round "2.35"]
[White "Jaiman, Agrima"]
[Black "Zeng, Chloe"]
[Result "1/2-1/2"]
[WhiteElo "790"]
[BlackElo "963"]
[PlyCount "155"]
[EventDate "2020.11.08"]
[EventType "swiss (rapid)"]
[EventRounds "6"]
[EventCountry "CAN"]

1. Nf3 d5 2. g3 Nf6 3. Bg2 Nc6 4. O-O Bf5 5. d3 h6 6. Bf4 e6 7. Nbd2 Bc5 8. Re1
d4 9. e4 Bg4 10. h3 Bxf3 11. Qxf3 Bd6 12. e5 Bb4 13. exf6 Qxf6 14. Qd5 O-O 15.
Qd7 Rad8 16. Qxc7 Ne7 17. Qxb7 a5 18. Qe4 Rfe8 19. a3 Bd6 20. Bxd6 Rxd6 21. Nc4
Rc6 22. Nxa5 Rxc2 23. b4 Qxf2+ 24. Kh2 Qxg2+ 25. Qxg2 Rxg2+ 26. Kxg2 Nf5 27.
Rec1 Ne3+ 28. Kh2 Ra8 29. Nc4 Nd5 30. Ne5 Ne3 31. Ra2 f6 32. Nc4 Nd5 33. Rac2
e5 34. Nd2 Rxa3 35. Rc8+ Kh7 36. b5 Rxd3 37. Rb1 Rxd2+ 38. Kh1 d3 39. b6 Nxb6
40. Rxb6 Rd1+ 41. Kg2 d2 42. Rd8 e4 43. Rbd6 e3 44. Kf3 Rf1+ 45. Ke2 Rf2+ 46.
Kxe3 Rg2 47. Rxd2 Rxg3+ 48. Ke4 Rxh3 49. Kf5 Rf3+ 50. Ke6 f5 51. Re2 f4 52. Rf8
h5 53. Ke5 h4 54. Rxf4 Rxf4 55. Kxf4 Kh6 56. Kg4 g5 57. Re6+ Kg7 58. Kxg5 h3
59. Re2 h2 60. Rxh2 Kf7 61. Rh7+ Ke6 62. Kf4 Kd5 63. Rh4 Kd4 64. Kf5+ Ke3 65.
Ke5 Kf3 66. Kf5 Kg3 67. Ra4 Kf3 68. Ra3+ Ke2 69. Ke4 Kd2 70. Kd4 Kc2 71. Kc4
Kb2 72. Rh3 Kc2 73. Rh2+ Kb1 74. Kb3 Kc1 75. Kc3 Kb1 76. Kb3 Kc1 77. Ra2 Kb1
78. Rh2 1/2-1/2

[Event "CAN-ch U10 w Online"]
[Site "chess.com"]
[Date "2020.11.08"]
[Round "3.35"]
[White "Zeng, Chloe"]
[Black "Shaeri, Dorsa"]
[Result "1-0"]
[WhiteElo "963"]
[BlackElo "678"]
[PlyCount "25"]
[EventDate "2020.11.08"]
[EventType "swiss (rapid)"]
[EventRounds "6"]
[EventCountry "CAN"]

1. e4 e5 2. Nf3 Nc6 3. Bc4 h6 4. Nc3 Nf6 5. d3 Bb4 6. a3 Bc5 7. Be3 Bb6 8. O-O
d6 9. Qd2 Bg4 10. Bg5 hxg5 11. Qxg5 Rh5 12. Qxg7 Nxe4 13. Qxf7# 1-0

[Event "CAN-ch U10 w Online"]
[Site "chess.com"]
[Date "2020.11.08"]
[Round "3.36"]
[White "Inozemtseva, Milana"]
[Black "Jaiman, Agrima"]
[Result "1-0"]
[WhiteElo "812"]
[BlackElo "790"]
[PlyCount "111"]
[EventDate "2020.11.08"]
[EventType "swiss (rapid)"]
[EventRounds "6"]
[EventCountry "CAN"]

1. e4 e5 2. Nf3 Nc6 3. Bc4 Bc5 4. d3 Nf6 5. Bg5 d6 6. h3 O-O 7. Nc3 Be6 8. Nd5
Bxd5 9. Bxd5 Na5 10. c3 h6 11. Bh4 c6 12. b4 cxd5 13. bxc5 dxe4 14. dxe4 dxc5
15. Qxd8 Raxd8 16. Bxf6 gxf6 17. O-O b5 18. Rab1 Nc4 19. Rxb5 Rc8 20. Nh4 Nd2
21. Rd1 Nxe4 22. Nf5 Nxc3 23. Ne7+ Kg7 24. Nxc8 Nxb5 25. Ne7 c4 26. Rc1 c3 27.
a4 Re8 28. axb5 Rxe7 29. Rxc3 f5 30. Rf3 f4 31. g3 fxg3 32. fxg3 e4 33. Re3 f5
34. Kf2 Kg6 35. h4 h5 36. Rb3 Kf6 37. b6 axb6 38. Rxb6+ Ke5 39. Rb5+ Kd4 40.
Rxf5 e3+ 41. Ke2 Rg7 42. Rf3 Re7 43. Rf4+ Kc3 44. g4 hxg4 45. Rxg4 Rd7 46. Kxe3
Re7+ 47. Re4 Rxe4+ 48. Kxe4 Kd2 49. h5 Ke2 50. h6 Kf2 51. h7 Ke2 52. h8=Q Kd1
53. Qh2 Kc1 54. Kd3 Kb1 55. Kc3 Ka1 56. Qb2# 1-0

[Event "CAN-ch U10 w Online"]
[Site "chess.com"]
[Date "2020.11.08"]
[Round "4.36"]
[White "Shaeri, Dorsa"]
[Black "Xiong, Victoria"]
[Result "1/2-1/2"]
[WhiteElo "678"]
[BlackElo "386"]
[PlyCount "135"]
[EventDate "2020.11.08"]
[EventType "swiss (rapid)"]
[EventRounds "6"]
[EventCountry "CAN"]

1. e4 c5 2. Nf3 d6 3. Nc3 Nc6 4. Bb5 Nf6 5. d3 Bd7 6. Bg5 e6 7. a3 Be7 8. Qd2
O-O 9. h3 a6 10. Bc4 b5 11. Ba2 Rc8 12. O-O c4 13. dxc4 bxc4 14. Bxc4 Na5 15.
Bxa6 Ra8 16. Bd3 h6 17. Bf4 e5 18. Bxh6 Nh5 19. Be3 Qc8 20. Kh2 Ra6 21. Bxa6
Qxa6 22. Qd3 Qc6 23. Qd5 Qa6 24. b4 Be6 25. Qxa5 Qxa5 26. bxa5 Bd8 27. a6 Ba5
28. Nb5 Bc4 29. Nxd6 Bxf1 30. Rxf1 Bc7 31. Nb5 Bd8 32. a7 Ba5 33. Nxe5 Rc8 34.
Rd1 Ra8 35. Bd2 Bd8 36. Bb4 Bb6 37. Rd6 Bxa7 38. Nxa7 Rxa7 39. Rd8+ Kh7 40. c4
f6 41. Rd7 Rxd7 42. Nxd7 Nf4 43. c5 Ne6 44. c6 Nc7 45. Bd6 Ne8 46. c7 Nxd6 47.
a4 Kg8 48. a5 Kf7 49. a6 Ke7 50. a7 Kxd7 51. a8=Q Kxc7 52. Qa7+ Kc6 53. Qxg7 f5
54. exf5 Nxf5 55. Qg6+ Nd6 56. h4 Kd5 57. h5 Ke5 58. h6 Ne4 59. h7 Nxf2 60.
h8=Q+ Kf4 61. Qf8+ Ke5 62. Qge8+ Kd4 63. Qd6+ Kc3 64. Qec6+ Kb3 65. Qb8+ Ka3
66. Qc3+ Ka2 67. Qc2+ Ka1 68. Qxf2 1/2-1/2

[Event "CAN-ch U10 w Online"]
[Site "chess.com"]
[Date "2020.11.08"]
[Round "5.35"]
[White "Jaiman, Agrima"]
[Black "Xiong, Victoria"]
[Result "0-1"]
[WhiteElo "790"]
[BlackElo "386"]
[PlyCount "46"]
[EventDate "2020.11.08"]
[EventType "swiss (rapid)"]
[EventRounds "6"]
[EventCountry "CAN"]

1. Nf3 d5 2. g3 e6 3. Bg2 Nc6 4. O-O Nf6 5. d3 Bc5 6. Bg5 Be7 7. Bxf6 Bxf6 8.
Nbd2 Bd7 9. e4 O-O 10. Qe2 Re8 11. Rfe1 Nd4 12. Nxd4 Bxd4 13. c3 Bb6 14. d4 e5
15. dxe5 Rxe5 16. exd5 Rxe2 17. Rxe2 Bb5 18. Ree1 Qd7 19. Re4 Qxd5 20. Rae1
Qxd2 21. Bf1 Bc6 22. R4e2 Qd5 23. b4 Qh1# 0-1

[Event "CAN-ch U10 w Online"]
[Site "chess.com"]
[Date "2020.11.08"]
[Round "6.34"]
[White "Shaeri, Dorsa"]
[Black "Wang, April"]
[Result "0-1"]
[WhiteElo "678"]
[BlackElo "1256"]
[PlyCount "86"]
[EventDate "2020.11.08"]
[EventType "swiss (rapid)"]
[EventRounds "6"]
[EventCountry "CAN"]

1. e4 c5 2. Nf3 d6 3. Nc3 Nf6 4. Bb5+ Bd7 5. Bc4 g6 6. Ng5 e6 7. d3 Bg7 8. Bf4
Qe7 9. Bb5 a6 10. Bc4 Nc6 11. a3 O-O 12. Qf3 d5 13. exd5 exd5+ 14. Qe3 Qxe3+
15. Bxe3 dxc4 16. Bxc5 Rfe8+ 17. Ne2 cxd3 18. cxd3 Bf5 19. O-O Rxe2 20. d4 Rd8
21. Rfd1 Ng4 22. d5 Nce5 23. Bb6 Re8 24. d6 Rxb2 25. Bd4 Rb5 26. Ra2 Rd5 27.
Rad2 Rxd6 28. h3 h6 29. Bxe5 Rxd2 30. Rxd2 Bxe5 31. Nf3 Nf6 32. Nxe5 Rxe5 33.
Rd8+ Kg7 34. Rb8 Re1+ 35. Kh2 Re2 36. f3 Nd5 37. Rxb7 Ne3 38. Re7 Rxg2+ 39. Kh1
Re2 40. h4 Bh3 41. Kg1 Rg2+ 42. Kh1 Nd1 43. Re1 Nf2# 0-1

[Event "CAN-ch U12 Online"]
[Site "chess.com"]
[Date "2020.11.08"]
[Round "1.41"]
[White "Zhou, Leonardo"]
[Black "Lin, Leo"]
[Result "0-1"]
[WhiteElo "1078"]
[BlackElo "1967"]
[PlyCount "100"]
[EventDate "2020.11.08"]
[EventType "swiss (rapid)"]
[EventRounds "6"]
[EventCountry "CAN"]

1. e4 c5 2. Nf3 e6 3. c3 Nc6 4. d4 cxd4 5. cxd4 Nf6 6. Nc3 Bb4 7. Bd3 d5 8. e5
Ne4 9. Bd2 Nxd2 10. Qxd2 a6 11. O-O O-O 12. a3 Ba5 13. Rab1 b5 14. b4 Bb6 15.
Bc2 f6 16. Rfe1 fxe5 17. Nxe5 Nxd4 18. Qd3 Nxc2 19. Qxc2 Rxf2 20. Qxf2 Bxf2+
21. Kxf2 Qb6+ 22. Kg3 Qd4 23. Na2 Bb7 24. Rbd1 Qb2 25. Ra1 Rf8 26. Nf3 d4 27.
Rf1 d3 28. Rad1 Qxa2 29. Rf2 Qxa3 30. Rfd2 Qxb4 31. Rxd3 Qf4+ 32. Kf2 Bxf3 33.
Rxf3 Qh4+ 34. Ke2 Rxf3 35. Kxf3 Qh5+ 36. g4 Qh3+ 37. Kf4 Qxh2+ 38. Kf3 Qh3+ 39.
Kf4 e5+ 40. Kxe5 Qg3+ 41. Kd4 Qxg4+ 42. Kc5 Qxd1 43. Kb4 Qa4+ 44. Kc5 Qc4+ 45.
Kb6 b4 46. Ka5 b3 47. Kb6 b2 48. Ka7 b1=Q 49. Ka8 Qc8+ 50. Ka7 Qbb7# 0-1

[Event "CAN-ch U12 Online"]
[Site "chess.com"]
[Date "2020.11.08"]
[Round "1.42"]
[White "Yuen, Noah Nathaniel"]
[Black "Chen, Drake"]
[Result "1-0"]
[WhiteElo "1890"]
[BlackElo "1000"]
[PlyCount "61"]
[EventDate "2020.11.08"]
[EventType "swiss (rapid)"]
[EventRounds "6"]
[EventCountry "CAN"]

1. d4 d5 2. c4 c6 3. Nf3 Nf6 4. e3 e6 5. Nbd2 Be7 6. b3 O-O 7. Bb2 c5 8. Bd3
Nc6 9. O-O b6 10. Ne5 Nb4 11. Bb1 Bd6 12. Qf3 Bb7 13. a3 Nc6 14. Qh3 Qc7 15.
Nxc6 Bxc6 16. dxc5 Be5 17. Bxe5 Qxe5 18. cxb6 axb6 19. Ra2 dxc4 20. Nxc4 Qb5
21. Rc1 Bd5 22. Nd2 Rfc8 23. Re1 Bxb3 24. Rb2 Rc3 25. Ba2 Rxa3 26. Bxb3 Raxb3
27. Nxb3 Rxb3 28. Rxb3 Qxb3 29. Qf3 Qd5 30. Rd1 Kf8 31. Rxd5 1-0

[Event "CAN-ch U12 Online"]
[Site "chess.com"]
[Date "2020.11.08"]
[Round "1.45"]
[White "Yao, Eric"]
[Black "Yang, Jingyun (Ryan)"]
[Result "0-1"]
[WhiteElo "892"]
[BlackElo "1584"]
[PlyCount "72"]
[EventDate "2020.11.08"]
[EventType "swiss (rapid)"]
[EventRounds "6"]
[EventCountry "CAN"]

1. e4 e5 2. Nf3 Nc6 3. Bc4 Bc5 4. b4 Bxb4 5. c3 Ba5 6. O-O Nf6 7. Ng5 O-O 8. d4
exd4 9. cxd4 d5 10. exd5 Nxd5 11. Nf3 h6 12. Ba3 Bb4 13. Bxb4 Ncxb4 14. Re1 Be6
15. Qb3 a5 16. Re5 a4 17. Qb2 Nc6 18. Nc3 Nxe5 19. dxe5 a3 20. Qb3 Nxc3 21.
Bxe6 Ne2+ 22. Kf1 Nf4 23. Bc4 c6 24. Rd1 Qe7 25. Rd4 Ng6 26. Re4 b5 27. Bd3 Qe6
28. Qxe6 fxe6 29. Rg4 Ne7 30. Nd4 Nf5 31. Nxe6 Ne3+ 32. Ke2 Nxg4 33. Nxf8 Rxf8
34. h3 Nxe5 35. f3 Nxd3 36. Kxd3 c5 0-1

[Event "CAN-ch U12 Online"]
[Site "chess.com"]
[Date "2020.11.08"]
[Round "1.48"]
[White "Ran, Sean"]
[Black "Yang, Tim"]
[Result "0-1"]
[WhiteElo "1287"]
[BlackElo "676"]
[PlyCount "54"]
[EventDate "2020.11.08"]
[EventType "swiss (rapid)"]
[EventRounds "6"]
[EventCountry "CAN"]

1. e4 e5 2. Nf3 Nc6 3. Bc4 Bc5 4. d3 d6 5. Be3 Nf6 6. Bxc5 dxc5 7. c3 Bg4 8. h3
Bh5 9. Nbd2 O-O 10. Qb3 Rb8 11. Qb5 Qe7 12. Bd5 Nxd5 13. exd5 Nd8 14. O-O-O c6
15. dxc6 Nxc6 16. g4 Bg6 17. Nb3 e4 18. Ne1 Qg5+ 19. Kb1 Rfd8 20. Qxc5 Qf6 21.
h4 h6 22. g5 hxg5 23. hxg5 Qe6 24. Ka1 exd3 25. Nd4 Nxd4 26. cxd4 Qg4 27. Qxa7
Qxd1# 0-1

[Event "CAN-ch U12 Online"]
[Site "chess.com"]
[Date "2020.11.08"]
[Round "2.40"]
[White "Yang, Jingyun (Ryan)"]
[Black "Xu, Daniel"]
[Result "0-1"]
[WhiteElo "1584"]
[BlackElo "2004"]
[PlyCount "58"]
[EventDate "2020.11.08"]
[EventType "swiss (rapid)"]
[EventRounds "6"]
[EventCountry "CAN"]

1. g3 Nf6 2. Bg2 g6 3. Nf3 Bg7 4. O-O O-O 5. d4 d6 6. c4 Nc6 7. Nc3 a6 8. e4
Bg4 9. h3 Bxf3 10. Bxf3 e5 11. d5 Nd4 12. Be3 Nd7 13. Bg2 c5 14. b3 f5 15. exf5
gxf5 16. Rc1 f4 17. Bxd4 exd4 18. Ne4 Ne5 19. Qh5 h6 20. g4 f3 21. Bh1 Nd3 22.
g5 Nxc1 23. gxh6 Ne2+ 24. Kh2 Be5+ 25. Ng3 Qf6 26. h4 Kh8 27. Kh3 Nf4+ 28. Kg4
Nxh5 29. Nxh5 Qf5# 0-1

[Event "CAN-ch U12 Online"]
[Site "chess.com"]
[Date "2020.11.08"]
[Round "2.43"]
[White "Yang, Tim"]
[Black "Xu, Xinge"]
[Result "1/2-1/2"]
[WhiteElo "676"]
[BlackElo "1441"]
[PlyCount "142"]
[EventDate "2020.11.08"]
[EventType "swiss (rapid)"]
[EventRounds "6"]
[EventCountry "CAN"]

1. e4 c5 2. Nf3 Nc6 3. Nc3 d6 4. Bc4 Bg4 5. h3 Bh5 6. d3 Nd4 7. g4 Nxf3+ 8.
Qxf3 Bg6 9. Be3 a6 10. a3 Qb6 11. Na4 Qa5+ 12. Nc3 Nf6 13. Bd2 Qc7 14. Nd5 Nxd5
15. Bxd5 e6 16. Bc4 Be7 17. Bc3 b5 18. Bb3 Rg8 19. e5 d5 20. O-O-O Bg5+ 21. Kb1
Rd8 22. h4 d4 23. Bd2 Bxd2 24. Rxd2 h6 25. h5 Bh7 26. Re2 a5 27. Kc1 Rc8 28.
Rg1 Qc6 29. Qxc6+ Rxc6 30. f4 g6 31. hxg6 Bxg6 32. f5 exf5 33. gxf5 Bh7 34.
Rxg8+ Bxg8 35. e6 fxe6 36. Bxe6 Bxe6 37. fxe6 Ke7 38. Kd1 Rxe6 39. Rh2 Kd6 40.
Kd2 Kc6 41. c3 b4 42. cxb4 axb4 43. axb4 cxb4 44. Kc2 Kb5 45. Kb3 Rg6 46. Rh5+
Rg5 47. Rxh6 Rg3 48. Rh5+ Kc6 49. Kc4 b3 50. Kxd4 Rg2 51. Kc3 Rc2+ 52. Kxb3 Rd2
53. Kc3 Rd1 54. b3 Rc1+ 55. Kb4 Rd1 56. Rc5+ Kb6 57. Rd5 Kc6 58. Rd4 Re1 59.
Rh4 Re3 60. d4 Rd3 61. Kc4 Rd1 62. b4 Rc1+ 63. Kb3 Rb1+ 64. Kc3 Rc1+ 65. Kb2
Rd1 66. Ka3 Ra1+ 67. Kb2 Rd1 68. Kc2 Ra1 69. Kb3 Rb1+ 70. Ka4 Ra1+ 71. Kb3 Rb1+
1/2-1/2